00526nam a22001697a 4500003000400000005001700004008004100021020001600062024001600078040001600094082002000110100002800130245007400158260006500232300001000297440004900307OSt20180116183032.0151222b xxu||||| |||| 00| 0 eng d a05-273-89-1 205-273-89-1 cLahore LUMS a 174.4 LUM 1989 aQureshi Z I, Sharif H L aSHAKARGANJ MILLS LIMITED- WORKERS STRIKE (A)cQureshi Z I, Sharif H L aLahore LUMSb Lahore University of Management Sciencesc1989 a11 p. aSHAKARGANJ MILLS LIMITED- WORKERS STRIKE (A)